000 00658nam a2200229 a 4500
001 BRCA_5315
005 20190320205028.0
008 021210s1996----enka######---#000-0#eng-#
020 _a1858912431
041 _aeng
044 _aenk
050 4 _aTP849
_b.R67 1996
100 1 _aRossi, Sara
_94259
245 1 0 _aThe Collector´s Guide to Paperweights
_cSara Rossi.
260 _aLondres
_bBracken Books
_c1996
300 _a96 p.
_bil. a color
_c31 cm.
500 _aIncluye glosario e índice alfabético
500 _aDonación Dr. Héctor Rivero Borrell Vázquez
650 1 4 _aPisapapeles
_xColeccionistas
_913630
902 _aDHR
942 _2lcc
_cB
999 _c5009
_d5009